Daňové priznanie k dani z nehnuteľností na rok 2004

Novela č. 476/2003 Z. z. zákona č. 317/1992 Zb. o dani z nehnuteľností, ktorá nadobúda účinnosť od 1. januára 2004. Príklady podávania daňových priznaní podľa zmenených ustanovení.

Salvato in:
Dettagli Bibliografici
Autore principale: Bártečková, Kamila
Natura: Capitolo di libro
Lingua:slovacco
Soggetti:
Tags: Aggiungi Tag
Nessun Tag, puoi essere il primo ad aggiungerne!!

MARC

LEADER 00000naa$a2200000$$$4500
001 0003856
005 20231003105402.7
041 0 |a slo 
044 |a SK 
245 1 0 |a Daňové priznanie k dani z nehnuteľností na rok 2004  |c aut. Kamila Bártečková 
520 |a Novela č. 476/2003 Z. z. zákona č. 317/1992 Zb. o dani z nehnuteľností, ktorá nadobúda účinnosť od 1. januára 2004. Príklady podávania daňových priznaní podľa zmenených ustanovení. 
610 2 0 |a dane z nehnuteľností 
610 2 0 |a priznania daňové 
610 2 0 |a 2004 
100 1 |a Bártečková, Kamila